| 000 | 00617nam a2200217Ii 4500 | ||
|---|---|---|---|
| 001 | 10351 | ||
| 003 | CO-ViMGA | ||
| 008 | 241108s9999||||xx |||||||||||||| ||und|| | ||
| 020 | _a8437250420 | ||
| 040 |
_aCO-ViMGA _bspa _erda _cCO-ViMGA |
||
| 041 | 0 | _aunk | |
| 084 | _aLI-173 | ||
| 100 | 1 |
_aLaura Bour _955823 |
|
| 245 | 1 | 0 | _aLos secretos de la naturaleza |
| 264 | 1 | _a[Lugar de publicación no identificado] : Altea, 1988 | |
| 300 | _avolumen | ||
| 336 |
_atext _btxt _2rdacontent |
||
| 337 |
_aunmediated _bn _2rdamedia |
||
| 338 |
_avolume _bnc _2rdacarrier |
||
| 940 | _aidficha_siabuc: 10112. -- ficha_no_siabuc:10351 | ||
| 999 |
_c53518 _d53518 |
||